[Event "ch-FRA Blitz Online Qual"]
[Site "Europe-Chess INT"]
[Date "2020.05.16"]
[Round "6"]
[White "Fraile, Lucas"]
[Black "Tulliez, Andre"]
[Result "0-1"]
[WhiteElo "1276"]
[BlackElo "1777"]
[WhiteFideId "45146322"]
[BlackFideId "45107181"]
[EventDate "2020.05.16"]

1. e4 c5 2. Nc3 d6 3. g3 g6 4. Bg2 Bg7 5. f4 Nc6 6. d3 e6 7. Nh3 Nge7 8. O-O O-O
9. Nf2 d5 10. Ng4 h5 11. Nf2 Qb6 12. a3 Rd8 13. Bd2 a6 14. Na4 Qa7 15. Qe2 b5
16. Nc3 d4 17. Ncd1 e5 18. b3 Rb8 19. Nb2 Qc7 20. a4 Be6 21. axb5 axb5 22. Ra6
Ra8 23. Rfa1 Qb7 24. Rxa8 Rxa8 25. Rxa8+ Qxa8 26. c4 dxc3 27. Bxc3 Bxb3 28. fxe5
Nxe5 29. d4 cxd4 30. Bxd4 Nc4 31. Bxg7 Kxg7 32. Nxc4 Bxc4 33. Qb2+ Kh7 34. e5
Qd8 35. Qc3 Nd5 36. Qd4 Qb6 37. Qd2 Qe3 38. Qxe3 Nxe3 39. Bf3 b4 40. h4 b3 41.
Be4 b2 42. Bb1 Nd5 43. Kg2 Nc3 44. Nd3 Bxd3 45. Bxd3 b1=Q 46. Bxb1 Nxb1 47. Kf3
Nc3 48. g4 hxg4+ 49. Kxg4 Nd5 50. h5 gxh5+ 51. Kxh5 Kg7 52. Kg5 Ne7 53. Kh5 Kf8
54. Kg5 Ke8 55. Kf6 Nd5+ 56. Kf5 Ke7 57. Ke4 Ke6 58. Kd4 Nb6 59. Ke4 Nd7 60. Kf4
Nxe5 61. Kg5 f5 62. Kf4 Kf6 63. Ke3 Ng4+ 64. Kf3 Ke5 65. Kg3 Ke4 66. Kg2 Ke3 67.
Kf1 Kf3 68. Ke1 f4 69. Kf1 Ke3 70. Ke1 f3 71. Kf1 Nh2+ 72. Kg1 f2+ 73. Kxh2 f1=Q
74. Kg3 Qf3+ 75. Kh4 Qg2 76. Kh5 Kf4 77. Kh6 Kf5 78. Kh7 Kf6 79. Kh8 Qg7# 0-1

[Event "ch-FRA Blitz Online Qual"]
[Site "Europe-Chess INT"]
[Date "2020.05.16"]
[Round "6"]
[White "Krajewski, Thomas"]
[Black "Lamblain, Nicolas"]
[Result "1-0"]
[WhiteElo "1273"]
[BlackElo "1645"]
[WhiteFideId "45103429"]
[BlackFideId "20605641"]
[EventDate "2020.05.16"]

1. d4 Nf6 2. Bg5 e6 3. Nd2 Be7 4. Bxf6 Bxf6 5. e3 O-O 6. g3 d5 7. c4 Nd7 8. Bg2
c6 9. Ne2 Re8 10. Nc3 Nb6 11. c5 Nd7 12. b4 b6 13. a4 bxc5 14. bxc5 Ba6 15. Bf1
Bxf1 16. Nxf1 Nxc5 17. Qc2 Qa5 18. Ra3 Ne4 19. Nd2 Nxc3 20. Rxc3 Qa6 21. Rxc6
Qb7 22. O-O h6 23. Rc7 Qb6 24. Rb1 Qd6 25. Rc6 Qd8 26. Rb7 a5 27. Rcc7 Be7 28.
Nb3 Rf8 29. Rd7 Qe8 30. Rxe7 Qxa4 31. Rec7 Qe8 32. Kg2 a4 33. Nc5 a3 34. Re7 Qc6
35. Rbc7 Qb5 36. Nd7 Rfd8 37. Qa2 Qb2 38. Rc2 Qb5 39. Ne5 f6 40. Nf3 Qb4 41.
Rcc7 e5 42. Rxg7+ Kf8 43. Rcf7+ Ke8 44. Re7+ Kf8 45. Rgf7+ Kg8 46. dxe5 fxe5 47.
Nxe5 Qb2 48. Rg7+ Kf8 49. Ng6# 1-0

[Event "ch-FRA Blitz Online Qual"]
[Site "Europe-Chess INT"]
[Date "2020.05.16"]
[Round "6"]
[White "Noyelles, Benoit"]
[Black "Vieira, William"]
[Result "0-1"]
[WhiteElo "1272"]
[BlackElo "1593"]
[WhiteFideId "551061350"]
[BlackFideId "20661193"]
[EventDate "2020.05.16"]

1. e4 e6 2. d4 d5 3. e5 c5 4. c3 Nc6 5. Nf3 Bd7 6. a3 f6 7. b3 fxe5 8. dxe5 Qc7
9. Bf4 O-O-O 10. Bb5 Nge7 11. O-O Ng6 12. Bg3 Be7 13. Re1 h5 14. Qd2 h4 15. Bf4
Nxf4 16. Qxf4 Rdf8 17. Qd2 h3 18. Ng5 hxg2 19. Kxg2 Bxg5 20. Qxg5 a6 21. Bd3 d4
22. b4 Nd8 23. a4 Bc6+ 24. Kg1 Nf7 25. Qg3 Rxh2 26. Kxh2 Rh8+ 27. Kg1 Rh1# 0-1

[Event "ch-FRA Blitz Online Qual"]
[Site "Europe-Chess INT"]
[Date "2020.05.16"]
[Round "6"]
[White "Courjal, Juliette"]
[Black "Cornileau, Juliette"]
[Result "0-1"]
[WhiteElo "1388"]
[BlackElo "1872"]
[WhiteFideId "45147833"]
[BlackFideId "36083372"]
[EventDate "2020.05.16"]

1. e4 c5 2. Nc3 Nc6 3. g3 g6 4. Bg2 Bg7 5. d3 e6 6. f4 Nge7 7. Nf3 O-O 8. O-O d5
9. g4 dxe4 10. dxe4 Nd4 11. Ne2 b6 12. Ng3 Ba6 13. Rf2 Nxf3+ 14. Rxf3 Qxd1+ 15.
Bf1 Qxf3 16. Bxa6 Rad8 17. Bd2 Rxd2 18. Bf1 Qf2+ 19. Kh1 Qxh2# 0-1

[Event "ch-FRA Blitz Online Qual"]
[Site "Europe-Chess INT"]
[Date "2020.05.16"]
[Round "6"]
[White "Menoux, Joachim"]
[Black "Paralieu, Emma"]
[Result "1-0"]
[WhiteElo "1627"]
[BlackElo "1312"]
[WhiteFideId "36066206"]
[BlackFideId "45154163"]
[EventDate "2020.05.16"]

1. d4 Nf6 2. c4 e6 3. Nc3 d5 4. Bg5 c6 5. Nf3 Nbd7 6. e3 Be7 7. Qc2 h6 8. Bh4 a6
9. Rc1 b6 10. Bd3 Bb7 11. O-O Qc7 12. Bg3 Bd6 13. cxd5 exd5 14. Rfe1 O-O 15. a3
c5 16. dxc5 bxc5 17. Bxd6 Qxd6 18. e4 dxe4 19. Nxe4 Nxe4 20. Bxe4 Bxe4 21. Qxe4
Nf6 22. Qc4 Rac8 23. h3 Qb6 24. b3 a5 25. a4 Qb4 26. Re5 Qxc4 27. Rxc4 Nd7 28.
Re7 Rfd8 29. Ne5 Nxe5 30. Rxe5 Rd1+ 31. Kh2 Rb1 32. Rcxc5 Rd8 33. Rxa5 Rxb3 34.
Red5 Re8 35. Re5 Rd8 36. Rad5 Ra8 37. a5 Ra3 38. Rb5 Kh7 39. Re7 f6 40. Rbb7 Rg8
41. Ra7 Kg6 42. a6 Ra5 43. Rec7 h5 44. Rc6 Rb8 45. Rb7 Ra8 46. Rbb6 Ra2 47. f3
h4 48. Rc4 Kg5 49. Rb7 g6 50. Rg4+ Kf5 51. Rb5+ Ke6 52. Rxg6 R8xa6 53. Rg4 f5
54. Rxh4 R6a3 55. Rh6+ Kd7 56. Rxf5 Re3 57. Rf7+ Kd8 58. Rd6+ Ke8 59. Rf4 Ke7
60. Rb6 Kd7 61. h4 Ke7 62. Kh3 Re5 63. Rg4 Kf7 64. Rc4 Rf2 65. Rc7+ Re7 66.
Rxe7+ Kxe7 67. Kg3 Kf7 68. Kxf2 1-0

[Event "ch-FRA Blitz Online Qual"]
[Site "Europe-Chess INT"]
[Date "2020.05.16"]
[Round "6"]
[White "Dincov, Matei"]
[Black "Fernandez, Maylis"]
[Result "1/2-1/2"]
[WhiteElo "1714"]
[BlackElo "1165"]
[WhiteFideId "45118620"]
[BlackFideId "45148511"]
[EventDate "2020.05.16"]

1. d4 Nf6 2. c4 g6 3. Nc3 Bg7 4. e4 O-O 5. Nf3 d6 6. Be2 Re8 7. O-O e5 8. Be3
exd4 9. Bxd4 Nxe4 10. Bxg7 Kxg7 11. Qd4+ Nf6 12. Rfe1 Nc6 13. Qd2 Bg4 14. Nd5
Bxf3 15. Bxf3 Rxe1+ 16. Rxe1 Nxd5 17. cxd5 Ne5 18. Be2 Qf6 19. f4 Nd7 20. g3 Re8
21. Rc1 Nc5 22. Bf3 c6 23. dxc6 bxc6 24. Bxc6 Rc8 25. Bf3 a6 26. b4 Ne4 27. Bxe4
Rxc1+ 28. Qxc1 Qd4+ 29. Kf1 Qxe4 30. Qc3+ Kg8 31. Kg1 Qb1+ 32. Kg2 Qxa2+ 33. Kh3
Qe6+ 34. Kg2 Qd5+ 35. Kf2 Qh5 36. Kg2 Qe2+ 37. Kh3 Qh5+ 38. Kg2 Qe2+ 39. Kg1
Qd1+ 40. Kg2 1/2-1/2

[Event "ch-FRA Blitz Online Qual"]
[Site "Europe-Chess INT"]
[Date "2020.05.16"]
[Round "6"]
[White "Duprey, Francois-xavier"]
[Black "Guillou, Paul"]
[Result "1-0"]
[WhiteElo "1613"]
[BlackElo "1157"]
[WhiteFideId "20612516"]
[BlackFideId "551031140"]
[EventDate "2020.05.16"]

1. c4 e5 2. g3 g6 3. Bg2 Bg7 4. Nc3 Nf6 5. Nf3 d6 6. O-O Nc6 7. d4 exd4 8. Nxd4
Bd7 9. Nxc6 Bxc6 10. Bxc6+ bxc6 11. Qa4 Qd7 12. Qd1 Qh3 13. f3 Nh5 14. Qe1 Bd4+
15. e3 Bxc3 16. bxc3 O-O 17. Qf2 Rfe8 18. e4 Re7 19. Bg5 f6 20. Be3 Rae8 21.
Rae1 f5 22. exf5 Rxe3 23. Rxe3 Rxe3 24. Qxe3 Nxg3 25. Qe8+ Kg7 26. Qe7+ Kg8 27.
Qe6+ Kg7 28. f6+ Kh6 29. Qxh3+ Nh5 1-0

[Event "ch-FRA Blitz Online Qual"]
[Site "Europe-Chess INT"]
[Date "2020.05.16"]
[Round "6"]
[White "Citores, Mathis"]
[Black "Suspene, Jacques"]
[Result "0-1"]
[WhiteElo "1288"]
[BlackElo "1610"]
[WhiteFideId "45148350"]
[BlackFideId "651023059"]
[EventDate "2020.05.16"]

1. e4 d6 2. d4 Nf6 3. Nc3 g6 4. e5 dxe5 5. dxe5 Qxd1+ 6. Nxd1 Nfd7 7. Nf3 Bg7 8.
Bf4 Nc6 9. Ne3 Ndxe5 10. Nxe5 Bxe5 11. Bxe5 Nxe5 12. O-O-O O-O 13. f4 Nc6 14.
Bb5 Be6 15. Bxc6 bxc6 16. Rhf1 Rfd8 17. Rxd8+ Rxd8 18. f5 gxf5 19. Nxf5 Bxf5 20.
Rxf5 Rd5 21. Rf2 e5 22. c4 Rd4 23. b3 Kg7 24. Rf5 f6 25. a4 Rd3 26. Kc2 Re3 27.
Rf2 c5 28. Rd2 Kg6 29. g4 Rh3 30. Rd7 Rxh2+ 31. Kb1 e4 32. Rxc7 e3 33. Re7 e2
34. Kc1 Rg2 35. Kd2 Rxg4 36. Kxe2 Rg3 37. Rxa7 Rxb3 38. a5 Ra3 39. a6 Kf5 40.
Rxh7 Rxa6 41. Rh5+ Ke4 42. Rxc5 Kd4 43. Rf5 Kxc4 44. Rf4+ Kd5 45. Kf3 Ke5 46.
Re4+ Kd5 47. Rh4 Ra3+ 48. Ke2 Ke5 49. Rh5+ f5 50. Kd2 Ke4 51. Kc2 f4 52. Rh4 Re3
53. Kd2 Kf3 54. Rh3+ Kf2 55. Rh2+ Kg3 56. Rh8 Re7 57. Rg8+ Kf2 58. Rf8 f3 59.
Kd3 Kg2 60. Rg8+ Kf1 61. Kd2 f2 62. Rg3 Rd7+ 63. Ke3 Rd5 64. Rf3 Re5+ 65. Kd4
Rg5 66. Ke3 Re5+ 67. Kf4 Re8 68. Rb3 Kg2 69. Rg3+ Kh1 70. Rh3+ Kg2 71. Rg3+ Kf1
72. Kf3 Rf8+ 73. Ke3 Re8+ 74. Kd2 Re7 75. Kd3 Rd7+ 76. Ke3 Rd5 77. Kf3 Ke1 78.
Ke4 Rd8 79. Re3+ Kd2 80. Rf3 Re8+ 81. Kd4 Ke2 82. Rf5 f1=Q 83. Rxf1 Kxf1 84. Kd5
Kf2 85. Kd6 Kf3 86. Kd7 Re1 87. Kd6 Kf4 88. Kc5 Ke4 89. Kc4 Rc1+ 90. Kb3 Rc8 91.
Kb4 Kd5 92. Kb3 Kd4 93. Ka4 Kc5 94. Kb3 Rb8+ 95. Kc3 Rb4 96. Kc2 Kc4 97. Kd2 Rb3
98. Kc2 Kb4 99. Kc1 Kc3 100. Kd1 Rb2 101. Kc1 Rh2 102. Kd1 Ra2 103. Ke1 Kd3 104.
Kf1 Ke3 105. Kg1 Kf3 106. Kh1 Kg3 107. Kg1 Ra1# 0-1

[Event "ch-FRA Blitz Online Qual"]
[Site "Europe-Chess INT"]
[Date "2020.05.16"]
[Round "6"]
[White "Abiven, Pierre-Louis"]
[Black "Fernandez, Jose"]
[Result "0-1"]
[WhiteElo "1200"]
[BlackElo "1597"]
[WhiteFideId "45168016"]
[BlackFideId "26088983"]
[EventDate "2020.05.16"]

1. e4 e5 2. Nf3 Nc6 3. Bc4 Nf6 4. Ng5 d5 5. exd5 Na5 6. Bb5+ c6 7. dxc6 bxc6 8.
Be2 h6 9. Nf3 Bc5 10. c3 Nb7 11. b4 Bb6 12. a4 a6 13. Nxe5 O-O 14. O-O Re8 15.
Nxc6 Qd6 16. Na5 Bc7 17. Nxb7 Qxh2# 0-1

[Event "ch-FRA Blitz Online Qual"]
[Site "Europe-Chess INT"]
[Date "2020.05.16"]
[Round "6"]
[White "Brunet-Moret, Leopold"]
[Black "Ciarletta, Ulysse"]
[Result "0-1"]
[WhiteElo "1109"]
[BlackElo "1599"]
[WhiteFideId "551078201"]
[BlackFideId "45133000"]
[EventDate "2020.05.16"]

1. d4 Nf6 2. Bg5 d5 3. c4 c6 4. e3 h6 5. Bf4 Bf5 6. Bd3 Bxd3 7. Qxd3 Nbd7 8. Nf3
e6 9. a3 a5 10. O-O Be7 11. Ne5 Nxe5 12. Bxe5 O-O 13. Nc3 Ng4 14. Bf4 Bg5 15.
Bxg5 Qxg5 16. h3 Nf6 17. Ne2 Nh5 18. f4 Qd8 19. e4 dxe4 20. Qxe4 Nf6 21. Qe3 Qd6
22. c5 Qd7 23. Qe5 Rfd8 24. Rfd1 Qd5 25. Qxd5 Nxd5 26. Nc3 Rd7 27. Nxd5 Rxd5 28.
Kf2 Kf8 29. Ke3 Ke7 30. b4 axb4 31. axb4 Rdd8 32. g4 Kd7 33. h4 Kc7 34. Kd3 b6
35. Kc4 bxc5 36. bxc5 Rdb8 37. Rdb1 Rxa1 38. Rxa1 Rb2 39. Ra6 Rc2+ 40. Kd3 Rb2
41. Ra7+ Rb7 42. Rxb7+ Kxb7 43. Ke4 Ka6 44. Ke5 Kb5 45. Kd6 g6 46. Ke7 f5 47.
Kxe6 fxg4 48. Kf6 g3 49. Kxg6 g2 50. f5 g1=Q+ 51. Kxh6 Qxd4 52. Kg6 Kxc5 53. h5
Kd6 54. h6 Ke7 55. h7 Qf6+ 56. Kh5 c5 57. Kg4 c4 58. Kf4 c3 59. Ke3 Kf7 60. Kd3
Kg7 61. Kc2 Kxh7 62. Kc1 Qxf5 63. Kd1 Qd3+ 64. Ke1 Qd2+ 65. Kf1 c2 66. Kg1 c1=Q# 0-1

[Event "ch-FRA Blitz Online Qual"]
[Site "Europe-Chess INT"]
[Date "2020.05.16"]
[Round "6"]
[White "Bui, Christopher"]
[Black "Chen, Zhiyue Dashan"]
[Result "1-0"]
[WhiteElo "1849"]
[BlackElo "1119"]
[WhiteFideId "45107998"]
[BlackFideId "551034930"]
[EventDate "2020.05.16"]

1. c4 e5 2. g3 Nc6 3. Bg2 Nf6 4. Nc3 Bc5 5. Nf3 d6 6. O-O O-O 7. d3 Bf5 8. Bg5
h6 9. Bh4 Be6 10. Ne4 Bf5 11. Nxf6+ gxf6 12. Qd2 Kh7 13. a3 Bg6 14. b4 Bb6 15.
e3 a5 16. b5 Ne7 17. Bxf6 Qd7 18. Bxe7 Qxe7 19. d4 exd4 20. exd4 Qf6 21. Rac1 a4
22. c5 Ba5 23. Qf4 Qxf4 24. gxf4 dxc5 25. dxc5 Rfe8 26. Ne5 f6 27. Nxg6 Kxg6 28.
Bxb7 Rab8 29. Bc6 Bd2 30. Bxe8+ Rxe8 31. Rc4 Ra8 32. Rd1 Ba5 33. Rxa4 Kf7 34. b6
cxb6 35. cxb6 Rb8 36. Rxa5 Rxb6 37. Ra7+ Kg6 38. a4 Rb4 39. a5 Rxf4 40. a6 Rb4
41. Rd5 Ra4 42. Ra8 Kh7 43. a7 Kg7 44. Rd7+ Kg6 45. Rg8+ Kf5 46. a8=Q Rxa8 47.
Rxa8 Ke6 48. Rd3 Kf5 49. Rg8 h5 50. Kg2 Kf4 51. Rf3+ Ke5 52. Re8+ Kd6 53. Rd3+
Kc7 54. Re1 Kc6 55. Rc1+ Kb5 56. Rb3+ Ka4 57. Rb8 Ka5 58. Ra1# 1-0

[Event "ch-FRA Blitz Online Qual"]
[Site "Europe-Chess INT"]
[Date "2020.05.16"]
[Round "6"]
[White "Mirguet, Ulysse"]
[Black "Ben Mohamed, Kader"]
[Result "0-1"]
[WhiteElo "1105"]
[BlackElo "1591"]
[WhiteFideId "36044300"]
[BlackFideId "45118523"]
[EventDate "2020.05.16"]

1. e4 d5 2. exd5 Nf6 3. Nc3 Nxd5 4. d4 Nc6 5. Nf3 Bg4 6. Bb5 e6 7. Bg5 f6 8. Bf4
Bb4 9. Bg3 Nxc3 10. Bxc6+ bxc6 11. Qd2 Nd5 12. c3 Bd6 13. h3 Bxf3 14. gxf3 Bxg3
15. fxg3 O-O 16. Qe2 Qd7 17. O-O-O Rfe8 18. Rhe1 Qf7 19. c4 Nb4 20. a3 Na6 21.
Rd3 e5 22. Re3 c5 23. dxe5 fxe5 24. f4 Rad8 25. fxe5 c6 26. e6 Qf6 27. e7 Rd7
28. Kc2 Qf5+ 29. Kb3 Rb7+ 30. Ka4 Rd7 31. Rf3 Qxh3 32. Qe6+ Qxe6 33. Rxe6 Nc7
34. Rxc6 Rdxe7 35. Rxc5 Ne6 36. Re5 Nd4 0-1

[Event "ch-FRA Blitz Online Qual"]
[Site "Europe-Chess INT"]
[Date "2020.05.16"]
[Round "6"]
[White "Nicot, Valentin"]
[Black "Vasselin, Louis"]
[Result "0-1"]
[WhiteElo "1041"]
[BlackElo "1590"]
[WhiteFideId "651002477"]
[BlackFideId "36070238"]
[EventDate "2020.05.16"]

1. e4 e6 2. d4 d5 3. e5 c5 4. c3 Nc6 5. Nf3 Bd7 6. Qc2 Rc8 7. Be3 cxd4 8. Bxd4
Nxd4 9. Nxd4 Bc5 10. Nb3 Ba4 11. N1d2 d4 12. Bd3 Ne7 13. O-O Nd5 14. c4 Nf4 15.
Rfe1 Qg5 16. Be4 Bc6 17. Nxc5 Bxe4 18. Qxe4 Rxc5 19. b4 Rc7 20. b5 O-O 21. a4 d3
22. a5 Ne2+ 23. Rxe2 dxe2 24. Qxe2 Rd8 25. Rd1 Rcd7 26. c5 Rxd2 27. Rxd2 Rxd2
28. Qf1 Qxe5 29. c6 bxc6 30. bxc6 Qd6 31. Kh1 Rd1 32. Kg1 Rxf1+ 33. Kxf1 Qd1# 0-1

[Event "ch-FRA Blitz Online Qual"]
[Site "Europe-Chess INT"]
[Date "2020.05.16"]
[Round "6"]
[White "Molines, Martin"]
[Black "Dimey-Gabert, Quentin"]
[Result "0-1"]
[WhiteElo "1033"]
[BlackElo "1758"]
[WhiteFideId "45191298"]
[BlackFideId "36090085"]
[EventDate "2020.05.16"]

1. e4 c5 2. Nf3 Nc6 3. d4 cxd4 4. Nxd4 g6 5. Nxc6 bxc6 6. Nc3 Bg7 7. Bd2 Nf6 8.
Bd3 O-O 9. O-O d5 10. exd5 cxd5 11. Bg5 Qc7 12. Bxf6 exf6 13. Nxd5 Qb7 14. b3
Qxd5 15. Be4 Qxe4 16. Re1 Qg4 17. f3 Qd7 18. Qe2 Bb7 19. Rad1 Qc6 20. Qf1 f5 21.
Qf2 Rfe8 22. Qd2 Rxe1+ 23. Rxe1 Bc3 24. Qe2 Bxe1 25. Qxe1 Re8 26. Qf1 Qb6+ 27.
Qf2 Ba6 28. g3 Re1+ 29. Kg2 Bf1+ 30. Qxf1 Rxf1 31. Kxf1 Qc5 32. Kg2 Qxc2+ 33.
Kh3 Qxa2 34. g4 Qxb3 35. Kg3 a5 0-1

[Event "ch-FRA Blitz Online Qual"]
[Site "Europe-Chess INT"]
[Date "2020.05.16"]
[Round "6"]
[White "Sithisak, William"]
[Black "Fischler, Ines"]
[Result "1-0"]
[WhiteElo "1692"]
[BlackElo "1129"]
[WhiteFideId "45120749"]
[BlackFideId "551033658"]
[EventDate "2020.05.16"]

1. d4 d5 2. f4 f5 3. Nf3 Nf6 4. e3 Nc6 5. c3 e6 6. Bd3 b6 7. Nbd2 Bb7 8. Ne5
Nxe5 9. fxe5 Nd7 10. Nf3 Be7 11. h4 O-O 12. Qe2 a6 13. Bd2 b5 14. h5 h6 15. Qf2
Nb6 16. Nh4 Bxh4 17. Rxh4 Qd7 18. Qg3 Rf7 19. Qg6 Raf8 20. Ke2 Ra8 21. Rg1 Na4
22. b3 Nb2 23. Bc2 Raf8 24. Bc1 Nc4 25. bxc4 bxc4 26. Bd2 Rb8 27. Be1 Bc6 28. g4
fxg4 29. Rhxg4 Rb2 30. Qh7+ Kf8 31. Bd2 Rxa2 32. Qh8+ Ke7 33. Rxg7 Rxg7 34.
Rxg7# 1-0

[Event "ch-FRA Blitz Online Qual"]
[Site "Europe-Chess INT"]
[Date "2020.05.16"]
[Round "6"]
[White "Vernadet, Jacques"]
[Black "Lefrancois, Jean"]
[Result "0-1"]
[WhiteElo "1600"]
[BlackElo "1038"]
[WhiteFideId "665169"]
[BlackFideId "551055635"]
[EventDate "2020.05.16"]

1. e4 e5 2. f4 exf4 3. Bc4 g5 4. Nf3 h6 5. O-O Bg7 6. d4 d6 7. Nc3 Nf6 8. e5
dxe5 9. dxe5 Qxd1 10. Rxd1 Nh5 11. b4 a6 12. Bb2 Nc6 13. Nd5 O-O 14. Nxc7 Rb8
15. Nd5 b5 16. Bb3 Be6 17. a3 g4 18. Nd4 Nxd4 19. Bxd4 Rbd8 20. Ne7+ Kh8 21. c4
bxc4 22. Bc2 Rfe8 23. Nc6 Rc8 24. Na5 f3 25. gxf3 gxf3 26. Be4 Bg4 27. Bb7 Rb8
28. Bxa6 f2+ 29. Kxf2 Bxd1 30. Bxc4 Ba4 31. b5 Bxb5 32. Bxb5 Rxb5 33. Nc6 Rc8
34. Ne7 Rc7 35. Nf5 Bxe5 36. Bxe5+ Rxe5 37. Nd6 Rc2+ 38. Kf3 Re6 39. Ne4 Nf6 40.
Ng3 Nd5 41. a4 Re3+ 42. Kg4 Rc4+ 43. Kf5 Rf4# 0-1

[Event "ch-FRA Blitz Online Qual"]
[Site "Europe-Chess INT"]
[Date "2020.05.16"]
[Round "6"]
[White "Touat, Kais"]
[Black "Staune, Jean"]
[Result "0-1"]
[WhiteElo "1416"]
[BlackElo "1719"]
[WhiteFideId "45136815"]
[BlackFideId "26091631"]
[EventDate "2020.05.16"]

1. e4 c5 2. Nf3 Nc6 3. d4 cxd4 4. Nxd4 Nf6 5. Nc3 e6 6. Be3 Bb4 7. Bd3 O-O 8.
O-O d5 9. exd5 Nxd5 10. Nxd5 Qxd5 11. Nxc6 Qxc6 12. c3 Be7 13. Qh5 g6 14. Qh6
Bf6 15. Bg5 Bg7 16. Qh4 b6 17. Bf6 Bb7 18. f3 Qd5 19. Be4 Qc5+ 20. Kh1 Bxe4 21.
fxe4 Bxf6 22. Qxf6 Rad8 23. Rad1 Rxd1 24. Rxd1 Qe3 25. Qf3 Qxf3 26. gxf3 Rb8 27.
Rd7 a5 28. Kg1 Kg7 29. Kf2 h5 30. Ke3 Kf6 31. f4 b5 32. e5+ Kg7 33. Kd4 Kf8 34.
Kc5 Ke8 35. Kc6 b4 36. cxb4 Rxb4 37. Rb7 Rxf4 38. Kb5 Rf5 39. Kxa5 Rxe5+ 40. Rb5
Rxb5+ 41. Kxb5 f5 42. a4 Kd8 43. a5 Kc8 44. a6 Kb8 45. Kc5 f4 46. Kd4 e5+ 47.
Ke4 Ka7 48. b4 Kxa6 49. h4 Kb5 50. Kxe5 f3 51. Kf6 f2 52. Kxg6 f1=Q 53. Kxh5
Kxb4 54. Kg5 Qg2+ 55. Kf6 Qf3+ 56. Kg5 Qg3+ 57. Kh5 Kc5 58. Kh6 Qxh4+ 59. Kg6
Qe4+ 60. Kf7 Kd6 61. Kf6 Qe5+ 62. Kf7 Qe6+ 63. Kg7 Ke5 64. Kh7 Qg4 65. Kh6 Kf6
66. Kh7 Qg7# 0-1

[Event "ch-FRA Blitz Online Qual"]
[Site "Europe-Chess INT"]
[Date "2020.05.16"]
[Round "6"]
[White "Muller, Patrick"]
[Black "Meyssirel, Tom"]
[Result "0-1"]
[WhiteElo "1582"]
[BlackElo "1333"]
[WhiteFideId "20669216"]
[BlackFideId "45197245"]
[EventDate "2020.05.16"]

1. e4 e5 2. Nf3 Nc6 3. d4 exd4 4. Nxd4 Bc5 5. Be3 Qf6 6. c3 Nge7 7. Bb5 O-O 8.
O-O d6 9. Nxc6 Nxc6 10. Bxc5 dxc5 11. Bxc6 bxc6 12. Qc2 Qg6 13. Nd2 Bh3 14. g3
Bxf1 15. Kxf1 Rfe8 16. f3 Qe6 17. Kg2 Rad8 18. Nf1 Rd7 19. Rd1 Rxd1 20. Qxd1
Qxa2 21. Qc2 Rb8 0-1

[Event "ch-FRA Blitz Online Qual"]
[Site "Europe-Chess INT"]
[Date "2020.05.16"]
[Round "6"]
[White "Ninin, Gabriel"]
[Black "Charousset, Donovan"]
[Result "0-1"]
[WhiteElo "1426"]
[BlackElo "1204"]
[WhiteFideId "45169756"]
[BlackFideId "45167699"]
[EventDate "2020.05.16"]

1. e4 e5 2. Nf3 Nf6 3. Bc4 h6 4. O-O Nc6 5. d4 exd4 6. Nxd4 Be7 7. Nf5 O-O 8.
Nc3 Bb4 9. Re1 Bxc3 10. bxc3 d6 11. Qf3 Ne5 12. Qe2 Bxf5 13. exf5 Re8 14. Bb5 c6
15. Bd3 Nxd3 16. Qxe8+ Nxe8 17. cxd3 Qd7 18. g4 Nf6 19. f3 Nd5 20. c4 Nf4 21.
Bxf4 d5 22. Rad1 Re8 23. Rxe8+ Qxe8 24. Kf2 Qd7 25. c5 g5 26. Bd6 b6 27. d4 Kg7
28. Re1 Qd8 29. Be5+ Kg8 30. Bd6 b5 31. Re7 a5 32. f6 b4 33. Rc7 Qa8 34. Be5 a4
35. Re7 b3 36. axb3 axb3 37. Bd6 b2 38. Re1 Qb7 39. Rb1 Qb3 40. Bf4 Qc2+ 41. Kg3
Qxb1 42. Be3 Qa2 43. f4 gxf4+ 44. Kxf4 b1=Q 45. Bf2 Qb8+ 46. Kf3 Qe8 47. Kg3 Qe4
48. h4 Qa3+ 49. Kh2 Qe2 50. Kg1 Qa1+ 51. Kg2 Qaf1+ 52. Kg3 Qfxf2+ 53. Kh3 Qee3# 0-1

[Event "ch-FRA Blitz Online Qual"]
[Site "Europe-Chess INT"]
[Date "2020.05.16"]
[Round "6"]
[White "Courcelle, Victor"]
[Black "Cornileau, Raphael"]
[Result "0-1"]
[WhiteElo "1314"]
[BlackElo "1397"]
[WhiteFideId "45177392"]
[BlackFideId "45105790"]
[EventDate "2020.05.16"]

1. c4 e5 2. Nc3 Nf6 3. Nf3 Nc6 4. e3 d5 5. cxd5 Nxd5 6. d4 exd4 7. Nxd4 Nxc3 8.
bxc3 Nxd4 9. cxd4 Bb4+ 10. Bd2 Bxd2+ 11. Qxd2 O-O 12. Bd3 c6 13. O-O Be6 14. Qe2
Qg5 15. Qf3 Rfe8 16. Qe4 g6 17. Qf3 f5 18. e4 fxe4 19. Bxe4 Bg4 20. Qd3 Bh3 21.
Qxh3 Rxe4 22. Rfd1 Rae8 23. Qb3+ Kh8 24. Qxb7 Re2 25. Qxc6 Qf4 26. Qf3 Qd6 27.
Kf1 Qa6 28. Kg1 Qa5 29. Kf1 Qb5 30. Kg1 Qb4 31. Kf1 Kg7 32. Rac1 Qb5 33. Rc7+
R8e7 34. Rxe7+ Rxe7+ 35. Qd3 Qa5 36. Qd2 Qb6 37. Kg1 Qe6 38. d5 Qe5 39. Kf1 Rd7
40. Qd4 Kf6 41. Qxe5+ Kxe5 42. d6 Rxd6 43. Rxd6 Kxd6 44. Ke2 Kc5 45. Kd2 Kb4 46.
Kc2 Ka3 47. Kb1 g5 48. g3 h6 49. h4 gxh4 50. gxh4 Kb4 51. f3 Kc5 52. Kb2 Kd4 53.
Kb3 Ke3 54. a4 Kxf3 55. Kb4 Kg4 56. a5 Kxh4 57. Kb5 Kg3 58. Ka6 h5 59. Kxa7 h4
60. a6 h3 61. Kb7 h2 62. a7 h1=Q+ 63. Kb8 Qb1+ 64. Ka8 Qe4+ 65. Kb8 Qe8+ 66. Kb7
Qd7+ 67. Kb8 Qd6+ 68. Kb7 Qd5+ 69. Kb8 Qb5+ 70. Ka8 Qc6+ 71. Kb8 Qb6+ 72. Ka8
Qc6+ 73. Kb8 Qd6+ 74. Kb7 Qd7+ 75. Kb6 Qc8 76. Ka5 Qa8 77. Kb6 Kf4 78. Ka6 Ke5
79. Kb6 Kd6 80. Ka6 Kc5 81. Ka5 Qxa7# 0-1

[Event "ch-FRA Blitz Online Qual"]
[Site "Europe-Chess INT"]
[Date "2020.05.16"]
[Round "6"]
[White "Payet, Thomas"]
[Black "Minde, Timothe"]
[Result "0-1"]
[WhiteElo "1356"]
[BlackElo "1075"]
[WhiteFideId "45151300"]
[BlackFideId "551015579"]
[EventDate "2020.05.16"]

1. e4 e6 2. Nf3 d5 3. exd5 exd5 4. d4 Bd6 5. c4 c6 6. cxd5 cxd5 7. Nc3 Ne7 8.
Bg5 f6 9. Be3 O-O 10. Bd3 Bg4 11. h3 Bh5 12. g4 Bg6 13. Bxg6 Nxg6 14. h4 Re8 15.
Qd2 Bf4 16. O-O-O Bxe3 17. fxe3 Nc6 18. h5 Nf8 19. Rde1 Qd6 20. e4 dxe4 21. Nxe4
Qd5 22. Nc3 Qxf3 23. Rxe8 Rxe8 24. Re1 Rxe1+ 25. Qxe1 Qf4+ 26. Kb1 Qc7 27. d5
Ne5 28. Qd2 Qd6 29. Ne4 Qd7 30. d6 Nf7 31. h6 Ng6 32. hxg7 Kxg7 33. Qd4 Nge5 34.
Kc2 Nxd6 35. Nxd6 Kg6 36. Qe4+ Kg7 37. Nf5+ Kf7 38. Nh6+ Kg7 39. Nf5+ Kg8 40.
Nh6+ Kh8 41. Qb4 Qd3+ 42. Kc1 Qc4+ 43. Qxc4 Nxc4 44. Nf7+ Kg7 45. Nd8 b6 46. Nb7
Ne5 47. Nd6 Nxg4 48. Nc8 h5 49. Nxa7 h4 50. Nc6 h3 51. Kd1 h2 52. Ke2 0-1